Entropy
Αποθηκεύτηκε σε:
| Άλλοι συγγραφείς: | , , |
|---|---|
| Μορφή: | Βιβλίο |
| Γλώσσα: | English |
| Δημοσίευση: |
Princeton : Oxford :
Princeton University Press,
c2003
|
| Σειρά: | Princeton series in applied mathematics
|
| Θέματα: | |
| Ετικέτες: |
Προσθήκη ετικέτας
Δεν υπάρχουν, Καταχωρήστε ετικέτα πρώτοι!
|
MARC
| LEADER | 00000nam a2200000 i 4500 | ||
|---|---|---|---|
| 001 | 1/73503 | ||
| 008 | 050315s2003 eng d | ||
| 020 | |a 0-691-11338-6 (hbk.) | ||
| 035 | |l 10077111 | ||
| 040 | |a GR-MY-UA |b gre |e aacr | ||
| 041 | 0 | |a eng | |
| 082 | 0 | |a 536.73 |2 (21) | |
| 245 | 1 | 0 | |a Entropy / |c Andreas Greven; Gerhard Keller; Gerald Warnecke [editors] |
| 260 | |a Princeton : |a Oxford : |b Princeton University Press, |c c2003 | ||
| 300 | |a xiv, 358 σ.; |c 24 εκ. | ||
| 490 | 1 | |a Princeton series in applied mathematics | |
| 504 | |a Περιλαμβάνει βιβλιογραφικές αναφορές και ευρετήριο | ||
| 650 | 0 | 0 | |a Entropy. |
| 700 | 1 | |a Greven, Andreas |d 1953- |4 edt | |
| 700 | 1 | |a Keller, Gerhard. |4 edt | |
| 700 | 1 | |a Warnecke, Gerald |d 1956- |4 edt | |
| 830 | 0 | |a Princeton series in applied mathematics | |
| 852 | |a INST |b CHIOS |e 20050315 |h 536.73 ENT |p 005200022432 |q 005200022432 |t BK |y 0 | ||
| 901 | |a BIBL2-2005-1 | ||
| 909 | |a Χ |b 112505 | ||
| 920 | |a ΔΙΕΥΡΥΝΣΗ |b ΕΠΕΑΕΚ-ΤΜΟΔ |y ΧΙΟΣ |z 2004-12 | ||
| 970 | |a ΣΑΛΑΜΟΥΡΑ |b ΜΑΡΙΑ |z 2005/03/15 | ||